000 00891nam a2200241Ia 4500
003 OSt
005 20220918111026.0
006 a|||||r|||| 00| 0
007 ta
008 220915b |||||||| |||| 00| 0 hin d
024 _a198018
037 _cReference Collections
040 _aARTS
_cARTS
_bhin
041 _2hin
_ahin
082 _aO152,2N03x, N5;1-;6(RR)
100 _aमिश्र, लक्ष्मीनारायण
_91696
245 0 _aरचनावली, संपा0 विश्वनाथ प्रसाद
246 _aRachanāvalī, sanpā0 vishvanāth prasāda
260 _aवाराणसी
_bसंजय बुक सेन्टर
_c1998
300 _a1,379 पृ0
942 _hO152,2N03x, N5;1-;6(RR)
_cREF
999 _c116533
_d116533